Cuando los orichas se vistieron /
Guardado en:
| Hovedforfatter: | |
|---|---|
| Format: | Bog |
| Sprog: | Spanish |
| Udgivet: |
La Habana :
Centro de Investigación y Desarrollo de la Cultura Cubana Juan Marinello,
2002.
|
| Fag: | |
| Tags: |
Tilføj Tag
Ingen Tags, Vær først til at tagge denne postø!
|
MARC
| LEADER | 00000cam a22000004a 4500 | ||
|---|---|---|---|
| 001 | 14358721 | ||
| 005 | 20140709021711.0 | ||
| 008 | 050902s2002 cu a b 000 0 spa c | ||
| 020 | |a 959242022X | ||
| 040 | |a FUG |c FUG |d DLC |d cru CIICLA Universidad de Costa Rica | ||
| 082 | |a 745.09 |b M843c | ||
| 100 | 1 | |a Moreno, Dennis, |d 1939- | |
| 245 | 1 | 0 | |a Cuando los orichas se vistieron / |c Dennis Moreno. |
| 260 | |a La Habana : |b Centro de Investigación y Desarrollo de la Cultura Cubana Juan Marinello, |c 2002. | ||
| 300 | |a 93 páginas |b ilustraciones | ||
| 504 | |a Incluye referencias bibligráficas (páginas 91-93). | ||
| 650 | 1 | 7 | |a MUÑECAS |z CUBA |x ASPECTOS RELIGIOSOS |
| 650 | 1 | 7 | |a ORISHAS |z CUBA |
| 650 | 1 | 7 | |a Orishas in art. ORISHAS EN ARTE |
| 650 | 1 | 7 | |a SANTOS (ARTE) |z CUBA |
| 650 | 1 | 7 | |a SANTERIA |z CUBA |
| 942 | |2 ddc |c BK | ||
| 999 | |c 3364 |d 3364 | ||



